Моделирование системы управления процессом активной балансировки литий-ионных аккумуляторов; Бутаковские чтения

গ্রন্থ-পঞ্জীর বিবরন
Parent link:Бутаковские чтения.— 2025.— С. 77-81
প্রধান লেখক: Пайгин К. Д.
অন্যান্য লেখক: Букреев В. Г. Виктор Григорьевич (научный руководитель)
সংক্ষিপ্ত:Текстовый файл
ভাষা:রুশ
প্রকাশিত: 2025
বিষয়গুলি:
অনলাইন ব্যবহার করুন:conference_tpu-2025-C133_p77-81.pdf
বিন্যাস: বৈদ্যুতিক গ্রন্থের অধ্যায়
KOHA link:https://koha.lib.tpu.ru/cgi-bin/koha/opac-detail.pl?biblionumber=685853

MARC

LEADER 00000naa2a2200000 4500
001 685853
005 20260331110617.0
090 |a 685853 
100 |a 20260331d2025 k||y0rusy50 ca 
101 0 |a rus 
102 |a RU 
135 |a drcn ---uucaa 
200 1 |a Моделирование системы управления процессом активной балансировки литий-ионных аккумуляторов  |f К. Д. Пайгин  |g науч. рук. В. Г. Букреев 
283 |2 RDAcarrier 
320 |a Список литературы: 5 назв 
336 |a Текстовый файл 
463 1 |0 685753  |9 685753  |t Бутаковские чтения  |o сборник статей V Всероссийской с международным участием молодёжной конференции, 9-11 декабря 2025 г., Томск  |n Изд-во ТПУ  |c Томск  |d 2025  |u conference_tpu-2025-C133.pdf  |v С. 77-81 
545 1 |a Цифровизация в электроэнергетике и интеллектуальные энергосистемы 
610 1 |a труды учёных ТПУ 
610 1 |a электронный ресурс 
610 1 |a аккумуляторы 
610 1 |a моделирование 
610 1 |a балансировка 
700 1 |a Пайгин  |b К. Д. 
702 1 |a Букреев  |b В. Г.  |c специалист в области электротехники  |c профессор Томского политехнического университета, доктор технических наук  |f 1952-  |g Виктор Григорьевич  |4 727 
801 0 |a RU  |b 63413507  |c 20260331 
850 |a 63413507 
856 4 0 |u conference_tpu-2025-C133_p77-81.pdf  |z conference_tpu-2025-C133_p77-81.pdf 
942 |c CF